Statistics for WWII #1

Click here to take the quiz!

General Stats

  • This quiz has been taken 27 times
    (19 since last reset)
  • The average score is 13 of 25

Answer Stats

HintAnswer% Correct
Site where Allied troops landed 1944Normandy
100%
Leader of Nazi GermanyAdolf Hitler
93%
Leader of the USAFranklin Roosevelt
93%
Country Germany invaded sparking the conflictPoland
93%
Leader of Soviet UnionJosef Stalin
87%
Leader of the UKWinston Churchill
87%
Leader of ItalyBenito Mussolini
80%
Major Japanese Naval defeatMidway
67%
Leader of the SSHeinrich Himmler
60%
Code name for nuclear projectManhatten Project
60%
Siege of this russian cityLeningrad
53%
Code name for the invasion of RussiaOperation Barbarossa
53%
Prime Minister of JapanHideki Tojo
47%
Most famous US tankSherman
47%
Most famous Soviet tankT-34
47%
River that Stalingrad sits onVolga
47%
Japanese top admiralIsoroku Yamamoto
40%
German counterattack location 1944-45Ardennes
33%
Most famous German tankTiger
33%
Top notch Japanese FighterplaneZero
33%
Code name for North Africa invasionOperation Torch
20%
Main battle rifle GermanyKar 98
13%
Site of failed Canadian landing 1942Dieppe
7%
Main battle rifle USAM1 Garand
7%
Main battle rifle UK,Canada,AustraliaLee Enfield Mk 4
0%

Score Distribution

Percentile by Number Answered

Percent of People with Each Score

Your Score History

You have not taken this quiz since the last reset